[Event "Queen's Gambit (1400-2000)"]
[Site "SchemingMind.com"]
[Date "2006.11.16"]
[Round "-"]
[White "Gilligan"]
[Black "Rotceh"]
[Result "1-0"]
[WhiteCountry "USA"]
[BlackCountry "MEX"]
[WhiteElo "1629"]
[WhiteRD "63"]
[BlackElo "1622"]
[BlackRD "56"]
[GameID "76726"]

1. d4 d5 2. c4 Nf6 3. Nc3 e6 4. a3 c5 5. e3 Nc6 6. Nf3 dxc4 7. Bxc4 cxd4 8. exd4 Bd6 9. Bg5 O-O 10. O-O h6
11. Bh4 Be7 12. Rc1 Nd5 13. Bxe7 Ncxe7 14. Qd2 Nb6 15. Bd3 Ned5 16. Ne5 Ne7 17. Ne2 Nd7 18. f4 Qb6 19. Kh1 f6 20. Nf3 Nc6
21. b4 a6 22. Bg6 Ne7 23. Bb1 f5 24. Ba2 Nf6 25. Ng3 Ned5 26. Ne5 Qd8 27. Qe2 Bd7 28. Nh5 Be8 29. Nxf6+ Qxf6 30. Bxd5 exd5
31. Qa2 Bc6 32. h3 Rac8 33. Kh2 Bb5 34. Qxd5+ Kh8 35. Rxc8 Rxc8 36. Qxb7 Rc3 37. Re1 Qh4 38. Ng6+
1-0

[Event "Queen's Gambit (1400-2000)"]
[Site "SchemingMind.com"]
[Date "2006.11.16"]
[Round "-"]
[White "Rotceh"]
[Black "Gilligan"]
[Result "1-0"]
[WhiteCountry "MEX"]
[BlackCountry "USA"]
[WhiteElo "1622"]
[WhiteRD "56"]
[BlackElo "1629"]
[BlackRD "63"]
[GameID "76727"]

1. d4 d5 2. c4 Nf6 3. Nc3 e6 4. Nf3 c6 5. e3 Bb4 6. Bd2 O-O 7. c5 b6 8. a3 Bxc3 9. Bxc3 Nbd7 10. Bd3 h6
11. O-O Re8 12. b4 b5 13. Qe2 Ne4 14. Qc2 Ndf6 15. Nd2 Nxc3 16. Qxc3 Qc7 17. f4 Qe7 18. Nf3 Kh8 19. Ne5 Bd7 20. Qc2 Rg8
21. g4 h5 22. h3 h4 23. Qf2 Ne4 24. Bxe4 dxe4 25. g5 g6 26. Qxh4+ Kg7 27. Qh6#
1-0

[Event "Queen's Gambit (1400-2000)"]
[Site "SchemingMind.com"]
[Date "2006.11.18"]
[Round "-"]
[White "KaliYuga"]
[Black "Rotceh"]
[Result "1-0"]
[WhiteCountry "IRL"]
[BlackCountry "MEX"]
[WhiteElo "1933"]
[WhiteRD "70"]
[BlackElo "1622"]
[BlackRD "56"]
[GameID "76833"]

1. d4 d5 2. c4 Nf6 3. Nc3 e6 4. cxd5 Nxd5 5. e4 Nb4 6. a3 N4c6 7. Nf3 Be7 8. Bd3 h6 9. b4 O-O 10. e5 f5
11. Qc2 Nxd4 12. Nxd4 Qxd4 13. O-O Qxe5 14. Nb5 c6 15. Bb2 Qf4 16. g3 Qg5 17. Nc7 b6 18. Nxa8 Bd6 19. Rfe1 Re8 20. Be5 Bb7
21. Bxd6 Bxa8 22. Bxf5
1-0

[Event "Queen's Gambit (1400-2000)"]
[Site "SchemingMind.com"]
[Date "2006.11.17"]
[Round "-"]
[White "KaliYuga"]
[Black "Gilligan"]
[Result "1-0"]
[WhiteCountry "IRL"]
[BlackCountry "USA"]
[WhiteElo "1936"]
[WhiteRD "68"]
[BlackElo "1588"]
[BlackRD "66"]
[GameID "76834"]

1. d4 d5 2. c4 Nf6 3. Nc3 e6 4. cxd5 Nxd5 5. e4 Nf6 6. Bg5 Nbd7 7. Bd3 Bb4 8. e5 O-O 9. exf6 Nxf6 10. a3 Be7
11. Nf3 c6 12. O-O Qc7 13. Ne5 Nd5 14. Bxe7 Qxe7 15. Nxd5 cxd5 16. Qh5 g6 17. Qh6 Qf6 18. f4 Qg7 19. Qh4 f6 20. Ng4 h5
21. Ne3 Bd7 22. Rac1 a6 23. Rc7 Rfd8 24. Rxb7 Qf7 25. g4 hxg4 26. Nxg4
1-0

[Event "Queen's Gambit (1400-2000)"]
[Site "SchemingMind.com"]
[Date "2006.11.20"]
[Round "-"]
[White "Rotceh"]
[Black "KaliYuga"]
[Result "0-1"]
[WhiteCountry "MEX"]
[BlackCountry "IRL"]
[WhiteElo "1647"]
[WhiteRD "58"]
[BlackElo "1936"]
[BlackRD "68"]
[GameID "76835"]

1. d4 d5 2. c4 dxc4 3. e3 e6 4. Nc3 a6 5. Bxc4 b5 6. Be2 Nf6 7. Nf3 Bb7 8. O-O Nbd7 9. Nd2 c5 10. Bf3 Bxf3
11. Nxf3 Be7 12. dxc5 Nxc5 13. b3 O-O 14. Ba3 Qb6 15. Qe2 b4 16. Bb2 bxc3 17. Bxc3 Rfd8 18. Rac1 Rac8 19. Bd4 Qb5 20. Rc2 Qxe2
21. Rxe2 Nd3 22. Rb1 Ne4 23. Ne5 Nf4 24. Ree1 Nd5 25. Nf3 Rc2 26. a4 Nxf2
0-1

[Event "Queen's Gambit (1400-2000)"]
[Site "SchemingMind.com"]
[Date "2006.11.18"]
[Round "-"]
[White "Gilligan"]
[Black "KaliYuga"]
[Result "0-1"]
[WhiteCountry "USA"]
[BlackCountry "IRL"]
[WhiteElo "1588"]
[WhiteRD "66"]
[BlackElo "1936"]
[BlackRD "68"]
[GameID "76836"]

1. d4 d5 2. c4 dxc4 3. Nc3 c5 4. d5 e6 5. Qa4+ Bd7 6. Qxc4 Nf6 7. e4 Bd6 8. Nf3 exd5 9. exd5 O-O 10. Be2 a6
11. a4 b5 12. axb5 Bxb5 13. Qb3 Bxe2 14. Nxe2 Re8 15. Qd3 Qb6 16. O-O Nbd7 17. Nd2 Qb5 18. Qxb5 axb5 19. Rb1 Rxe2 20. Nf3 Nb6
21. Bg5 Nfxd5
0-1

[Event "Queen's Gambit (1400-2000)"]
[Site "SchemingMind.com"]
[Date "2006.11.17"]
[Round "-"]
[White "Kenny Elliott"]
[Black "KaliYuga"]
[Result "0-1"]
[WhiteCountry "USA"]
[BlackCountry "IRL"]
[WhiteElo "1550"]
[WhiteRD "65"]
[BlackElo "1936"]
[BlackRD "68"]
[GameID "76895"]

1. d4 d5 2. c4 dxc4 3. e4 Nc6 4. Bxc4 e6 5. Nf3 Nf6 6. Nc3 a6 7. Bg5 b5 8. Bd3 Be7 9. O-O h6 10. Bxf6 Bxf6
11. a3 O-O 12. e5 Bg5 13. Be4 Bb7 14. h4 Bxh4 15. Nxh4 Qxh4 16. Qf3 Nxd4 17. Qh3 Qxh3 18. gxh3 Bxe4 19. Nxe4 Nf3+ 20. Kg2 Nxe5
21. Rae1 Nd3 22. Rb1 f5 23. Nc3 Rad8 24. b4 Nf4+ 25. Kh2 Rd3 26. Rbc1 Rxh3+ 27. Kg1 Rf6 28. f3 Rg6+ 29. Kf2 Nd3+ 30. Ke3 Nxc1
31. Rxc1 Rg2 32. Ne2 g5 33. Nd4 g4 34. Rxc7 e5 35. Rc8+ Kf7 36. Rc7+ Kf6 37. Rc6+ Kg5 38. Ne6+ Kh4 39. Nd4 exd4+ 40. Kxd4 gxf3
41. Rxh6+ Kg4 42. Rg6+ Kf4
0-1

[Event "Queen's Gambit (1400-2000)"]
[Site "SchemingMind.com"]
[Date "2006.11.16"]
[Round "-"]
[White "Kenny Elliott"]
[Black "Rotceh"]
[Result "0-1"]
[WhiteCountry "USA"]
[BlackCountry "MEX"]
[WhiteElo "1550"]
[WhiteRD "65"]
[BlackElo "1647"]
[BlackRD "58"]
[GameID "76896"]

1. d4 d5 2. c4 Nf6 3. Nc3 e6 4. Bg5 Bb4 5. e3 O-O 6. Qc2 Nbd7 7. Bd3 dxc4 8. Bxc4 Re8 9. a3 Be7 10. Nf3 h6
11. Bxf6 Bxf6 12. O-O a6 13. e4 e5 14. d5 Nb6 15. Bd3 Bg4 16. Nd2 c6 17. h3 Bc8 18. Qb3 cxd5 19. exd5 Nd7 20. Nde4 b5
21. Rfc1 Bb7 22. Nd6 Nc5 23. Bh7+ Kxh7 24. Qc2+ Kg8 25. Nxe8 Qxe8 26. Rd1 Rd8 27. d6 Qc6 28. f3 Rxd6 29. Rxd6 Qxd6 30. b4 Ne6
31. Ne4 Qd4+ 32. Kh2 Qxa1
0-1

[Event "Queen's Gambit (1400-2000)"]
[Site "SchemingMind.com"]
[Date "2006.11.16"]
[Round "-"]
[White "Kenny Elliott"]
[Black "Gilligan"]
[Result "1-0"]
[WhiteCountry "USA"]
[BlackCountry "USA"]
[WhiteElo "1550"]
[WhiteRD "65"]
[BlackElo "1588"]
[BlackRD "66"]
[GameID "76897"]

1. d4 d5 2. c4 Nf6 3. Nc3 e6 4. Bg5 Bb4 5. e3 Nbd7 6. Bxf6 gxf6 7. Qc2 c6 8. Bd3 Nf8 9. Ne2 Bd7 10. c5 b6
11. a3 Bxc3+ 12. Qxc3 b5 13. O-O Ng6 14. b4 Qc7 15. Qc2 e5 16. Bxg6 hxg6 17. Ng3 e4 18. a4 Ke7 19. axb5 Qb7 20. bxc6 Qxc6
21. Qe2 f5 22. Rfb1 Qb5 23. Rc1 Qxe2 24. Nxe2 f6 25. c6 Be6 26. Rc5 g5 27. Nc3 Rhc8 28. Rc1 f4 29. Nxd5+ Bxd5 30. Rxd5 Ke6
31. Ra5 Rc7 32. d5+ Kd6 33. Rac5 fxe3 34. fxe3 f5 35. Rb5 f4 36. exf4 gxf4 37. Rd1 Rg8 38. Kf2 a6 39. Ra5 Rb8 40. Rd4 Ke5
41. d6+ Kxd4 42. dxc7 Rc8 43. Rxa6 Rxc7 44. b5 Kd3 45. Ra4 e3+ 46. Ke1 Rf7 47. b6 Rf6 48. b7 Rxc6 49. Ra3+ Ke4 50. b8=Q Rc1+
51. Ke2 Rc2+ 52. Kd1 e2+ 53. Kxc2 e1=Q 54. Qe8+
1-0

[Event "Queen's Gambit (1400-2000)"]
[Site "SchemingMind.com"]
[Date "2006.11.17"]
[Round "-"]
[White "KaliYuga"]
[Black "Kenny Elliott"]
[Result "1-0"]
[WhiteCountry "IRL"]
[BlackCountry "USA"]
[WhiteElo "1933"]
[WhiteRD "70"]
[BlackElo "1514"]
[BlackRD "69"]
[GameID "76898"]

1. d4 d5 2. c4 e6 3. Nc3 Nf6 4. cxd5 exd5 5. Bg5 Bb4 6. Nf3 O-O 7. e3 Qd6 8. Bd3 Bg4 9. h3 Bh5 10. g4 Nxg4
11. hxg4 Bxg4 12. Bxh7+ Kh8 13. Bf5+ Kg8 14. Bxg4 Nc6 15. Bf4 Qe7 16. Qc2 Rae8 17. Qh7#
1-0

[Event "Queen's Gambit (1400-2000)"]
[Site "SchemingMind.com"]
[Date "2006.11.17"]
[Round "-"]
[White "Rotceh"]
[Black "Kenny Elliott"]
[Result "0-1"]
[WhiteCountry "MEX"]
[BlackCountry "USA"]
[WhiteElo "1622"]
[WhiteRD "56"]
[BlackElo "1514"]
[BlackRD "69"]
[GameID "76899"]

1. d4 d5 2. c4 dxc4 3. e4 Nf6 4. e5 Nd5 5. Bxc4 e6 6. Ne2 Nc6 7. a3 Be7 8. O-O O-O 9. Nbc3 Nxc3 10. bxc3 b6
11. Ng3 Bb7 12. Qg4 g6 13. Bh6 Re8 14. f4 Na5 15. Bd3 Qd5 16. f5 Qxg2#
0-1

[Event "Queen's Gambit (1400-2000)"]
[Site "SchemingMind.com"]
[Date "2006.11.17"]
[Round "-"]
[White "Gilligan"]
[Black "Kenny Elliott"]
[Result "0-1"]
[WhiteCountry "USA"]
[BlackCountry "USA"]
[WhiteElo "1588"]
[WhiteRD "66"]
[BlackElo "1550"]
[BlackRD "65"]
[GameID "76900"]

1. d4 d5 2. c4 e6 3. Nc3 Nf6 4. Bg5 Bb4 5. e3 Bxc3+ 6. bxc3 O-O 7. Nf3 b6 8. cxd5 exd5 9. Bxf6 Qxf6 10. h3 Bb7
11. Bd3 Nd7 12. O-O Qd6 13. Qc2 Nf6 14. Ng5 g6 15. Rae1 Ne4 16. Nf3 c5 17. Bxe4 dxe4 18. Nd2 Rad8 19. Nxe4 Qc6 20. f3 Rfe8
21. Nd2 Re7 22. e4 cxd4 23. c4 d3 24. Qc3 Red7 25. Rd1 Qc5+ 26. Kh1 Ba6 27. Rc1 Qg5 28. f4 Qe7 29. f5 Qg5 30. fxg6 hxg6
31. Nf3 Qc5 32. Ne5 Re7 33. Nxd3 Qg5 34. Rce1 Bb7 35. Rg1 Rde8 36. e5 Qg3 37. Qd4 Qxh3#
0-1

[Event "Queen's Gambit (1400-2000)"]
[Site "SchemingMind.com"]
[Date "2006.11.16"]
[Round "-"]
[White "tacticrules"]
[Black "Kenny Elliott"]
[Result "1/2-1/2"]
[WhiteCountry "GER"]
[BlackCountry "USA"]
[WhiteElo "1610"]
[WhiteRD "53"]
[BlackElo "1514"]
[BlackRD "69"]
[GameID "76920"]

1. d4 d5 2. c4 dxc4 3. Nf3 Nf6 4. e3 Bg4 5. Bxc4 e6 6. h3 Bh5 7. O-O Bd6 8. Be2 Ne4 9. Nc3 Bg6 10. Bd3 f5
11. Qc2 Nxc3 12. bxc3 O-O 13. Rd1 Nd7 14. e4 Bh5 15. Nd2 Bxd1 16. Qxd1 fxe4 17. Nxe4 Nf6 18. Nxd6 Qxd6 19. a4 Nd5 20. Qc2 Nf6
21. Bg5 e5 22. Re1=
1/2-1/2

[Event "Queen's Gambit (1400-2000)"]
[Site "SchemingMind.com"]
[Date "2006.11.18"]
[Round "-"]
[White "tacticrules"]
[Black "KaliYuga"]
[Result "0-1"]
[WhiteCountry "GER"]
[BlackCountry "IRL"]
[WhiteElo "1573"]
[WhiteRD "53"]
[BlackElo "1929"]
[BlackRD "69"]
[GameID "76921"]

1. d4 d5 2. c4 dxc4 3. e4 Nc6 4. d5 Ne5 5. f4 Nd3+ 6. Bxd3 cxd3 7. Qxd3 e6 8. Nc3 exd5 9. exd5 Nf6 10. Nf3 Bc5
11. Qb5+ Nd7 12. Bd2 O-O 13. O-O-O a6 14. Qd3 Nf6 15. Rhe1 b5 16. Be3 Bd6 17. g3 Bb7 18. a3 Qd7 19. Ne5 Qh3 20. Re2 Rfe8
21. Nf3 Qg4 22. Bd4 Rxe2 23. Qxe2 Nxd5 24. Qe4 c6 25. Nxd5 cxd5 26. Qe2 Rc8+ 27. Kb1 b4 28. Qd3 bxa3 29. Ne5 Bxe5 30. Bxe5 axb2
31. Qb3 Qe2 32. Bc3 Rxc3 33. Qa4 d4 34. Rxd4 Rc1+
0-1

[Event "Queen's Gambit (1400-2000)"]
[Site "SchemingMind.com"]
[Date "2006.11.16"]
[Round "-"]
[White "tacticrules"]
[Black "Rotceh"]
[Result "0-1"]
[WhiteCountry "GER"]
[BlackCountry "MEX"]
[WhiteElo "1583"]
[WhiteRD "51"]
[BlackElo "1647"]
[BlackRD "58"]
[GameID "76922"]

1. d4 d5 2. c4 Nf6 3. cxd5 Nxd5 4. e4 Nf6 5. Nf3 Nxe4 6. Qd3 Nd6 7. Nc3 Bf5 8. Qd1 e6 9. Be2 Be7 10. O-O O-O
11. Bf4 Nc6 12. Bb5 Nxb5 13. Nxb5 Bd6 14. Bxd6 cxd6 15. Rc1 e5 16. dxe5 dxe5 17. Qxd8 Rfxd8 18. Rfe1 f6 19. Nc3 Nb4 20. Ne4 Nxa2
21. Rc7 Rd7 22. Rxd7 Bxd7 23. Rd1= Bc6 24. Ng3 g6 25. Ne1 Nb4 26. Nf1 Kf7 27. Ne3 Ke7 28. Nd3 Nxd3 29. Rxd3 Rd8 30. Rxd8 Kxd8
31. Kf1 b5 32. f3 Ke7 33. Ke1 f5 34. Kd2 h5 35. b4 f4 36. Nc2 g5 37. Kd3 g4 38. Ke2 Kd6 39. Kd3 gxf3 40. gxf3 Bxf3
41. Na3 a6 42. Nc2 Kd5 43. Ne1 Be4+ 44. Ke2 Kc4 45. Kd2 Kxb4 46. Kc1 Kb3 47. h4 f3 48. Nxf3 Bxf3 49. Kb1 e4 50. Kc1 e3
0-1

[Event "Queen's Gambit (1400-2000)"]
[Site "SchemingMind.com"]
[Date "2006.11.16"]
[Round "-"]
[White "tacticrules"]
[Black "Gilligan"]
[Result "0-1"]
[WhiteCountry "GER"]
[BlackCountry "USA"]
[WhiteElo "1610"]
[WhiteRD "53"]
[BlackElo "1629"]
[BlackRD "63"]
[GameID "76923"]

1. d4 d5 2. c4 Nf6 3. cxd5 Nxd5 4. e4 Nb6 5. Nf3 e6 6. Nc3 Be7 7. Be2 O-O 8. O-O N8d7 9. Bf4 Nf6 10. e5 Nfd5
11. Bg3 a6 12. Rc1 Bd7 13. Nxd5 Nxd5 14. Bc4 Bc6 15. Qb3 Rb8 16. Rfd1 b5 17. Be2 Bb7 18. Qc2 Rc8 19. Qd2 Nb6 20. Bd3 Bxf3
21. gxf3 f6 22. exf6 Bxf6 23. b3 g6 24. Be5 Nd7 25. Bxf6 Nxf6 26. Bf1 Nh5 27. Bg2 Nf4 28. Qe3 g5 29. Bh3 Nxh3+ 30. Kf1 Nf4
31. Rc2 Qf6 32. Rdc1 Qh6 33. Rxc7 Qh3+ 34. Ke1 Ng2+
0-1

[Event "Queen's Gambit (1400-2000)"]
[Site "SchemingMind.com"]
[Date "2006.11.16"]
[Round "-"]
[White "Kenny Elliott"]
[Black "tacticrules"]
[Result "1/2-1/2"]
[WhiteCountry "USA"]
[BlackCountry "GER"]
[WhiteElo "1514"]
[WhiteRD "69"]
[BlackElo "1610"]
[BlackRD "53"]
[GameID "76924"]

1. d4 d5 2. c4 c6 3. Nc3 Nf6 4. Nf3 dxc4 5. e4 b5 6. a3 Bb7 7. e5 Nfd7 8. Be2 e6 9. O-O Nb6 10. Bg5 Be7
11. Ne4 c5 12. Nxc5 Qc7 13. Bxe7 Qxe7 14. Nxb7 Qxb7 15. b3 O-O 16. bxc4 bxc4 17. Ng5 Nc6 18. Bf3 Rac8 19. Be4 g6 20. Qg4 Qe7
21. Rfd1 Nd5 22. a4 f5 23. exf6 Nxf6=
1/2-1/2

[Event "Queen's Gambit (1400-2000)"]
[Site "SchemingMind.com"]
[Date "2006.11.18"]
[Round "-"]
[White "KaliYuga"]
[Black "tacticrules"]
[Result "1-0"]
[WhiteCountry "IRL"]
[BlackCountry "GER"]
[WhiteElo "1936"]
[WhiteRD "68"]
[BlackElo "1583"]
[BlackRD "51"]
[GameID "76925"]

1. d4 d5 2. c4 c6 3. Nf3 Nf6 4. Nc3 dxc4 5. e4 b5 6. b3 cxb3 7. Qxb3 Bb7 8. Ne5 e6 9. Bd3 Qxd4 10. Bb2 Qb6
11. O-O Be7 12. Ne2 O-O 13. Rac1 Rd8 14. Nf4 Bd6 15. Nxe6 fxe6 16. Qxe6+ Kh8 17. Nf7+
1-0

[Event "Queen's Gambit (1400-2000)"]
[Site "SchemingMind.com"]
[Date "2006.11.16"]
[Round "-"]
[White "Rotceh"]
[Black "tacticrules"]
[Result "1-0"]
[WhiteCountry "MEX"]
[BlackCountry "GER"]
[WhiteElo "1622"]
[WhiteRD "56"]
[BlackElo "1610"]
[BlackRD "53"]
[GameID "76926"]

1. d4 d5 2. c4 c6 3. Nc3 Nf6 4. Nf3 dxc4 5. e4 b5 6. Bg5 e6 7. d5 exd5 8. exd5 Be7 9. Bxf6 Bxf6 10. dxc6 Nxc6
11. Qxd8+ Kxd8 12. O-O-O+ Kc7 13. Nxb5+ Kb6 14. Nd6 Be6 15. Bxc4 Bxc4 16. Nxc4+ Kc7 17. Nd6 Rab8 18. b3 Nb4 19. Kb1 Rhf8 20. Ne4 Be7
21. a3 Nc6 22. b4 f5 23. Neg5 h6 24. Ne6+
1-0

[Event "Queen's Gambit (1400-2000)"]
[Site "SchemingMind.com"]
[Date "2006.11.16"]
[Round "-"]
[White "Gilligan"]
[Black "tacticrules"]
[Result "0-1"]
[WhiteCountry "USA"]
[BlackCountry "GER"]
[WhiteElo "1588"]
[WhiteRD "66"]
[BlackElo "1583"]
[BlackRD "51"]
[GameID "76927"]

1. d4 d5 2. c4 c6 3. Nc3 Nf6 4. Nf3 dxc4 5. Bg5 b5 6. e3 Nbd7 7. Be2 e6 8. O-O Be7 9. Qc2 Bb7 10. Ne4 Nxe4
11. Bxe7 Qxe7 12. Qxe4 Nf6 13. Qc2 O-O 14. b3 cxb3 15. Qxb3 Rac8 16. Rac1 Rfd8 17. a4 a6 18. axb5 cxb5 19. h3 Bd5 20. Qb2 Qb7
21. Nh4 Rxc1 22. Rxc1 Rc8 23. Re1 Bc4 24. Bf3 Bd5 25. Qe2 Bxf3 26. Nxf3 a5 27. Ne5 Nd5 28. e4 Nc3 29. Qd3 b4 30. Nc4 Qb5
31. Ne5 Qxd3 32. Nxd3 f6 33. f3 Rd8 34. d5 exd5 35. e5 fxe5 36. Nxe5 a4 37. Nc6 Rd7 38. Nxb4 d4 39. Nd3 a3 40. Ra1 a2
41. Kf2 Rb7 42. Re1 Rb1
0-1

[Event "Queen's Gambit (1400-2000)"]
[Site "SchemingMind.com"]
[Date "2006.11.17"]
[Round "-"]
[White "drako"]
[Black "Kenny Elliott"]
[Result "1-0"]
[WhiteCountry "LAT"]
[BlackCountry "USA"]
[WhiteElo "1860"]
[WhiteRD "109"]
[BlackElo "1550"]
[BlackRD "65"]
[GameID "76935"]

1. d4 d5 2. c4 e6 3. cxd5 exd5 4. Nc3 Nf6 5. Bf4 Bb4 6. a3 Bxc3+ 7. bxc3 Bf5 8. e3 O-O 9. Bd3 Ne4 10. Qc2 Re8
11. c4 c6 12. h4 Qa5+ 13. Kf1 Nd7 14. c5 Ndf6 15. f3 Ng3+ 16. Bxg3 Bxd3+ 17. Qxd3 Re6 18. Ne2 Rae8 19. Bf2 R6e7 20. g4 Qc7
21. Kg2 Nd7 22. Ng3 b6 23. Rac1 b5 24. a4 b4 25. Nf5 Re6 26. Nd6 Rb8 27. Bg3 Qa5 28. Nxf7 Qxa4 29. Ng5 Qa2+ 30. Kh3 Rh6
31. Bxb8 Nxb8 32. Qf5
1-0

[Event "Queen's Gambit (1400-2000)"]
[Site "SchemingMind.com"]
[Date "2006.11.19"]
[Round "-"]
[White "drako"]
[Black "KaliYuga"]
[Result "1-0"]
[WhiteCountry "LAT"]
[BlackCountry "IRL"]
[WhiteElo "1973"]
[WhiteRD "106"]
[BlackElo "1925"]
[BlackRD "70"]
[GameID "76936"]

1. d4 d5 2. c4 dxc4 3. Nc3 a6 4. a4 e6 5. e4 Nf6 6. Bxc4 Bb4 7. f3 Nc6 8. Ne2 O-O 9. O-O Bd7 10. Be3 Na5
11. Ba2 b5 12. e5 Ne8 13. Rc1 c6 14. Ne4 Nc7 15. Qd3 Be7 16. Bb1 g6 17. Bh6 Re8 18. b3 Nd5 19. g4 Bf8 20. Bg5 Be7
21. Bxe7 Qxe7 22. N2c3 Nf4 23. Qd2 g5 24. h4 h6 25. hxg5 hxg5 26. Qh2 Kg7 27. Nf6 Rh8 28. Bh7 Nxb3 29. Kf2 Qb4 30. Rh1 Qxd4+
31. Kg3 Nh5+ 32. Qxh5 Qxe5+ 33. Kg2 Qxf6 34. Ne4 Qb2+ 35. Rc2 Qxc2+ 36. Kg3 Kf8 37. Qh6+ Ke8 38. Qf6 Qxe4 39. fxe4 Rf8 40. Bg6 fxg6
41. Qxg5 Rg8 42. Rh7
1-0

[Event "Queen's Gambit (1400-2000)"]
[Site "SchemingMind.com"]
[Date "2006.11.16"]
[Round "-"]
[White "drako"]
[Black "Rotceh"]
[Result "1-0"]
[WhiteCountry "LAT"]
[BlackCountry "MEX"]
[WhiteElo "1879"]
[WhiteRD "112"]
[BlackElo "1620"]
[BlackRD "60"]
[GameID "76937"]

1. d4 d5 2. c4 Nf6 3. cxd5 Nxd5 4. e4 Nf6 5. Nc3 e6 6. Be3 Bb4 7. Bd3 Nc6 8. Bc2 O-O 9. f3 Bd7 10. Ne2 h6
11. Qd3 Na5 12. e5 Nd5 13. Qh7#
1-0

[Event "Queen's Gambit (1400-2000)"]
[Site "SchemingMind.com"]
[Date "2006.11.16"]
[Round "-"]
[White "drako"]
[Black "Gilligan"]
[Result "1-0"]
[WhiteCountry "LAT"]
[BlackCountry "USA"]
[WhiteElo "1860"]
[WhiteRD "109"]
[BlackElo "1588"]
[BlackRD "66"]
[GameID "76938"]

1. d4 d5 2. c4 Nf6 3. cxd5 e6 4. dxe6 Bxe6 5. Nc3 c5 6. Nf3 Nc6 7. e3 Be7 8. Be2 O-O 9. O-O cxd4 10. exd4 Bg4
11. Be3 Rc8 12. h3 Bh5 13. Rc1 Nd5 14. Ne4 h6 15. a3 Nf6 16. Nc5 Bxc5 17. dxc5 Qe7 18. b4 Rcd8 19. Qb3 Ne5 20. Nxe5 Qxe5
21. Bxh5 Nxh5 22. c6 bxc6 23. Bxa7 Rc8 24. Rfd1 Nf4 25. Rc5 Qf6 26. Qf3 g5 27. Rc2 Qe6 28. Be3 Nd5 29. Bc5 Rfe8 30. b5 Red8
31. Rcd2
1-0

[Event "Queen's Gambit (1400-2000)"]
[Site "SchemingMind.com"]
[Date "2006.11.16"]
[Round "-"]
[White "drako"]
[Black "tacticrules"]
[Result "1/2-1/2"]
[WhiteCountry "LAT"]
[BlackCountry "GER"]
[WhiteElo "1849"]
[WhiteRD "109"]
[BlackElo "1573"]
[BlackRD "53"]
[GameID "76939"]

1. d4 d5 2. c4 c6 3. cxd5 cxd5 4. Nc3 Nf6 5. Bf4 Nc6 6. e3 Bf5 7. Bd3 Bxd3 8. Qxd3 Rc8 9. Rc1 e6 10. Nf3 Be7
11. h3 O-O 12. O-O Qb6 13. b3 Ba3 14. Na4 Qa5 15. Rc5 Bxc5 16. dxc5 Rfe8 17. Be5 Nxe5 18. Nxe5 Qd8 19. f3 Nd7 20. Nxd7 Qxd7
21. Rc1 b6 22. Qd4 bxc5 23. Nxc5 Qd6 24. b4 e5 25. Qd2 Red8 26. Kf2 d4 27. Rc2 dxe3+ 28. Qxe3 f6 29. Ke2 Kf7 30. Qb3+=
1/2-1/2

[Event "Queen's Gambit (1400-2000)"]
[Site "SchemingMind.com"]
[Date "2006.11.16"]
[Round "-"]
[White "Kenny Elliott"]
[Black "drako"]
[Result "0-1"]
[WhiteCountry "USA"]
[BlackCountry "LAT"]
[WhiteElo "1528"]
[WhiteRD "70"]
[BlackElo "1849"]
[BlackRD "109"]
[GameID "76940"]

1. d4 d5 2. c4 dxc4 3. e4 a6 4. Nc3 e6 5. a3 c5 6. d5 b5 7. Nf3 exd5 8. exd5 Bd6 9. g3 Ne7 10. Bg2 O-O
11. O-O Nd7 12. Re1 Nb6 13. Be3 Bb7 14. Nh4 Qc7 15. Be4 f5 16. Bg2 f4 17. Bd2 Nexd5 18. Nxd5 Bxd5 19. Bxf4 Bxf4 20. Bxd5+ Nxd5
21. Qxd5+ Kh8 22. Qh5 Bh6 23. Rad1 Rad8 24. Rxd8 Qxd8 25. Qxc5 Qf6 26. Rf1 g5 27. Ng2 Qxb2 28. Qd6 Qf6 29. Qc5 Rf7 30. Qc8+ Bf8
31. Ne3 Kg7 32. a4 c3 33. axb5 axb5 34. h3 b4 35. Nd5 Qe5 36. Ne3 Bc5 37. Ng4 Qxg3+ 38. Kh1 Qxh3+
0-1

[Event "Queen's Gambit (1400-2000)"]
[Site "SchemingMind.com"]
[Date "2006.11.18"]
[Round "-"]
[White "KaliYuga"]
[Black "drako"]
[Result "0-1"]
[WhiteCountry "IRL"]
[BlackCountry "LAT"]
[WhiteElo "1945"]
[WhiteRD "70"]
[BlackElo "1945"]
[BlackRD "105"]
[GameID "76941"]

1. d4 d5 2. c4 dxc4 3. e4 a6 4. Bxc4 e6 5. Nf3 b5 6. Bd3 c5 7. dxc5 Bxc5 8. O-O Bb7 9. Qc2 Ba7 10. b3 Nf6
11. Bg5 h6 12. Bxf6 Qxf6 13. e5 Qe7 14. Nbd2 Nc6 15. a3 Rc8 16. Qb2 O-O 17. Rac1 Rfd8 18. Bb1 Nd4 19. Ne4 Rxc1 20. Rxc1 Nxf3+
21. gxf3 Bd4 22. Qc2 Bxe5 23. Nf6+ Qxf6 24. Rd1 Rxd1+ 25. Qxd1 Bxf3 26. Qc1 g6 27. Qxh6 Qd8 28. Bc2 Qd4
0-1

[Event "Queen's Gambit (1400-2000)"]
[Site "SchemingMind.com"]
[Date "2006.11.16"]
[Round "-"]
[White "Rotceh"]
[Black "drako"]
[Result "1-0"]
[WhiteCountry "MEX"]
[BlackCountry "LAT"]
[WhiteElo "1647"]
[WhiteRD "58"]
[BlackElo "1860"]
[BlackRD "109"]
[GameID "76942"]

1. d4 d5 2. c4 dxc4 3. e4 a6 4. Bxc4 e6 5. Nc3 b5 6. Bd3 c5 7. Nf3 Bb7 8. O-O cxd4 9. Ne2 Nc6 10. b3 e5
11. a4 bxa4 12. Rxa4 Bd6 13. Ng3 Nge7 14. Nh4 O-O 15. Ngf5 Ng6 16. Qg4 Bc8 17. Qg3 Re8 18. Bc4 Be6 19. Bxa6 Qb6 20. Nxd6 Reb8
21. Bc4 Bxc4 22. Rxa8 Bxf1 23. Rxb8+ Qxb8 24. Nxf7 d3 25. Nxg6 Qxb3 26. Nh6+ gxh6 27. Nxe5+ Kf8 28. Bxh6+ Ke8 29. Nxc6 Qd1 30. Qb8+ Kd7
31. Ne5+ Ke6 32. Qe8+ Kd6 33. Bf8+ Kc7 34. Qc6+ Kb8 35. Nd7+ Ka7 36. Qb6+ Ka8 37. Qb8#
1-0

[Event "Queen's Gambit (1400-2000)"]
[Site "SchemingMind.com"]
[Date "2006.11.16"]
[Round "-"]
[White "Gilligan"]
[Black "drako"]
[Result "0-1"]
[WhiteCountry "USA"]
[BlackCountry "LAT"]
[WhiteElo "1588"]
[WhiteRD "66"]
[BlackElo "1860"]
[BlackRD "109"]
[GameID "76943"]

1. d4 d5 2. c4 dxc4 3. Nc3 a6 4. e3 e6 5. Bxc4 b5 6. Bd3 c5 7. Nf3 Bb7 8. Be4 Qb6 9. O-O Nf6 10. Bxb7 Qxb7
11. Qc2 Nc6 12. a3 cxd4 13. exd4 Be7 14. Be3 Rc8 15. h3 O-O 16. Rad1 Na5 17. b4 Nc4 18. Qb3 Ne4 19. Nxe4 Qxe4 20. Nd2 Nxd2
21. Rxd2 Rc4 22. f3 Qc6 23. Rfd1 Rc3 24. d5 exd5 25. Qxd5 Qxd5 26. Rxd5 Rxe3 27. Ra1 Rd8 28. Rxd8+ Bxd8 29. Kf2 Bb6 30. Kg3 g6
31. Kh2 h5 32. h4 Bc7+ 33. Kh1 Bg3
0-1

[Event "Queen's Gambit (1400-2000)"]
[Site "SchemingMind.com"]
[Date "2006.11.16"]
[Round "-"]
[White "tacticrules"]
[Black "drako"]
[Result "0-1"]
[WhiteCountry "GER"]
[BlackCountry "LAT"]
[WhiteElo "1554"]
[WhiteRD "51"]
[BlackElo "1945"]
[BlackRD "105"]
[GameID "76944"]

1. d4 d5 2. c4 dxc4 3. Nf3 a6 4. a4 Bf5 5. Nc3 Nf6 6. e3 e6 7. Bxc4 c5 8. O-O Nc6 9. Nh4 Bg4 10. f3 Bh5
11. g4 Bg6 12. Nxg6 hxg6 13. dxc5 Qxd1 14. Rxd1 Bxc5 15. b3 Ke7 16. g5 Ne8 17. Ne4 Bd6 18. Nxd6 Nxd6 19. Ba3 Rhd8 20. e4 Rd7
21. f4 f6 22. gxf6+ gxf6 23. Kf2 e5 24. Kf3 exf4 25. Kxf4 Ne5 26. Be2 g5+ 27. Ke3 Rh8 28. Bxd6+ Rxd6 29. Rxd6= Rh3+ 30. Kd4 Kxd6
31. Rh1 Rxb3 32. Bc4 Rb4 33. Rc1 Rxc4+ 34. Rxc4 Nxc4 35. Kxc4 Ke5 36. Kd3 b5 37. axb5 axb5
0-1